LEADER 00898nam0-22002651i-450- 001 990007434790403321 035 $a000743479 035 $aFED01000743479 035 $a(Aleph)000743479FED01 035 $a000743479 100 $a20030528d1995----km-y0itay50------ba 101 0 $aita 102 $aIT 105 $ay-------001yy 200 1 $a"Patteggiamento" e giudizio abbreviato$esei anni dopo l'entrata in vigore del nuovo processo penale$ecentralità del giudice nel "patteggiamento"$eriflessi sul giudizio civile della condanna penale per "patteggiamento"$fCarmine Covino 210 $aTorino$cGiappichelli$d1995 215 $a204 p.$d24 cm 700 1$aCovino,$bCarmine$0268585 801 0$aIT$bUNINA$gRICA$2UNIMARC 901 $aBK 912 $a990007434790403321 952 $a5,2-236$fDSPCP 959 $aDSPCP 996 $a"Patteggiamento" e giudizio abbreviato$9678120 997 $aUNINA LEADER 01066nam0 2200277 450 001 000022967 005 20081107145622.0 010 $a3-534-08601-5 100 $a20081107d1983----km-y0itaa50------ba 101 0 $ager 102 $aDE 200 1 $aWackenroder und die Kunstauffassung der frühen Romantik$fMartin Bollacher 210 $aDarmstadt$cWissenschaftliche Buchgesellschaft$d1983 215 $aVII, 156 p.$d20 cm 410 1$12001$aErträge der Forschung$v202 600 1$aWackenroder,$bWilhelm Heinrich$xConcezione dell'arte 676 $a833.6$v(21. ed.)$9Narrativa tedesca. 1750-1832 700 1$aBollacher,$bMartin$0203580 801 0$aIT$bUniversità della Basilicata - B.I.A.$gRICA$2unimarc 912 $a000022967 996 $aWackenroder und die Kunstauffassung der frühen Romantik$91528094 997 $aUNIBAS BAS $aLETTERE CAT $aEXT10$b01$c20081107$lBAS01$h1456 FMT Z30 -1$lBAS01$LBAS01$mBOOK$1BASA1$APolo Storico-Umanistico$2FMAS$BFondo Masini$3FMas/817/398$6817/398$5B817/398$820081107$f04$FPrestabile Didattica LEADER 02536nam 2200577 a 450 001 9910962540503321 005 20240926220809.0 010 $a9781283955041 010 $a1283955040 010 $a9781780426501 010 $a178042650X 035 $a(CKB)2670000000170675 035 $a(EBL)886828 035 $a(OCoLC)784886775 035 $a(MiAaPQ)EBC886828 035 $a(NjHacI)992670000000170675 035 $a(PPN)197277071 035 $a(FR-PaCSA)88835511 035 $a(FRCYB88835511)88835511 035 $a(EXLCZ)992670000000170675 100 $a20121127d2011 uy 0 101 0 $afre 135 $aur|n|---||||| 181 $2rdacontent 182 $2rdamedia 183 $2rdacarrier 200 10$a[Perfect square]$iAntoni Gaudi /$f[Klaus Carl ; Texte, Jeremy Roe ; Traduction, Elise Ntinger] 210 $aNew York $cParkstone International$d[2011] 215 $a1 online resource (82 p.) 225 1 $aPerfect Square 300 $aIncludes index. 311 08$a9781844846153 311 08$a1844846156 320 $aIncludes bibliographical references. 327 $aLa Jeunesse de Gaudi? et l'affirmation d'une personnalite?; Architecture et identite? catalane; Religion et spiritualite?; Gaudi? et la croissance d'une ville moderne; Gaudi? et les ide?aux de l'e?re industrielle; Pre?server les valeurs et les pratiques du passe? a? l'e?re moderne; BIOGRAPHIE; LISTE DES ILLUSTRATIONS 330 $aAntoni Gaudi? i Cornet (25 juin 1852 - 10 juin 1926) est un architecte catalan. Diplo?me? de l'E?cole d'architecture de Barcelone en 1878, il travaille de?s ses de?buts avec l'architecte Josep Fontsere sur le projet du parc de la Ciutadella. Sa carrie?re commence vraiment en 1883, avec le de?but de l'e?dification de la Casa Vicens. Jeune architecte, il est d'abord inspire? par Euge?ne Viollet-le-Duc mais bien vite, il rompt avec le mode?le ne?ogothique et se fait remarquer par son originalite? et sa fantaisie. De?s ses premiers projets, il fait cohabiter architecture et mobilier. Inscrit dans la mouvance de 410 0$aPerfect Square 606 $aArchitects$zSpain$vBiography 615 0$aArchitects 676 $a720.924 676 $a720/.92/4 700 $aCarl$b Klaus$01617283 701 $aRoe$b Jeremy$01514628 701 $aNoetinger$b Elise$01795745 801 0$bMiAaPQ 801 1$bMiAaPQ 801 2$bMiAaPQ 906 $aBOOK 912 $a9910962540503321 996 $aPerfect square$94337271 997 $aUNINA